00301nam a2200121Ia 4500008004100000100001600041245003100057260002600088300000700114650003400121942000700155999001700162190216s9999||||xx |||||||||||||| ||und|| aKesavadev P 0aKunchukurupinde Athmakatha bPoorna Pubs Kozhikode a62 aMalayalam-Malayalam Biography cBK c27473d27473